Music Quiz

Random Music or Clickable Quiz

Songs That Lost a Word Quiz Stats

 Plays Quiz Updated Nov 8, 2017

Challenge
Share
Tweet
Embed
Score 0/40 Timer 06:00
0 Plays Today
% Correct
Lose
82.8%
Smooth
82.3%
Louie
81.1%
Love
80.3%
Beautiful
79%
Idiot
78.9%
Fallin'
78.8%
Dream
78.1%
Blue
77.5%
Romance
77.3%
Stop
76.9%
Blank
74.2%
Baba
71.9%
Delight
71.4%
Madonna
69.9%
Private
66.8%
Golden
65.7%
Star
64.7%
Lobster
63.2%
Caribbean
62.3%
% Correct
Woman
62%
Dog
61.7%
Steppin'
61.7%
People
61.2%
Redemption
60.5%
Jesus
60.3%
Evil
60.3%
Last
59.5%
Hungry
59.1%
Wipe
58.6%
Charlie
58.1%
Christian
57.6%
Breed
57.4%
Jungle
56.4%
Heartache
56.3%
Girl
55.6%
Wave
55.5%
Slow
55%
Cruel
52.2%
Word
51.3%

You're not logged in!

Compare scores with friends on all Sporcle quizzes.
OR
Log In

You Might Also Like...

Show Comments

Extras

Top Quizzes Today


Score Distribution

Your Account Isn't Verified!

In order to create a playlist on Sporcle, you need to verify the email address you used during registration. Go to your Sporcle Settings to finish the process.

Report this User

Report this user for behavior that violates our Community Guidelines.

Details: